[Event "BEL-chT 2223"]
[Site "Belgium"]
[Date "2023.03.05"]
[Round "8.5"]
[White "Pirard, Gregory"]
[Black "Harff, Marcel"]
[Result "0-1"]
[WhiteElo "2077"]
[BlackElo "2325"]
[PlyCount "64"]
[EventDate "2022.09.25"]
[EventType "team-tourn"]
[EventRounds "11"]
[EventCountry "BEL"]
[SourceTitle "CBM 213 Extra"]
[Source "ChessBase"]
[SourceDate "2023.05.31"]
[SourceVersion "1"]
[SourceVersionDate "2023.05.31"]
[SourceQuality "1"]
[WhiteTeam "Liege Crelel"]
[BlackTeam "Eupen Rochade"]
[WhiteTeamCountry "BEL"]
[BlackTeamCountry "BEL"]

1. c4 e5 2. g3 Nf6 3. Bg2 c6 4. Nf3 d6 5. Nc3 Nbd7 6. 0-0 g6 7. d4 Qc7 8. h3 Bg7 9. Be3 0-0 10. Rc1 Re8 11. b4 exd4 12. Bxd4 Ne5 13. Nd2 Be6 14. Na4 d5 15. Nc5 Rad8 16. Nxe6 Rxe6 17. c5 Ne4 18. Nb3 f5 19. Na5 h5 20. e3 Qe7 21. a4 a6 22. Qe2 h4 23. gxh4 f4 24. Bxe4 dxe4 25. Bxe5 f3 26. Qc4 Bxe5 27. Kh1 Rd5 28. Rg1 Qxh4 29. Qf1 Rd2 30. Rg4 Qxf2 31. Qxf2 Rxf2 32. Rc4 Re2 0-1

[Event "BEL-chT 1819"]
[Site "Belgium"]
[Date "2018.10.28"]
[Round "3.7"]
[White "De Vent, Rens"]
[Black "Pirard, Gregory"]
[Result "1-0"]
[WhiteElo "1957"]
[BlackElo "2057"]
[PlyCount "125"]
[EventDate "2018.09.30"]
[EventType "team-tourn"]
[EventRounds "11"]
[EventCountry "BEL"]
[SourceTitle "CBM 187 Extra"]
[Source "ChessBase"]
[SourceDate "2018.11.04"]
[SourceVersion "1"]
[SourceVersionDate "2018.11.04"]
[SourceQuality "1"]
[WhiteTeam "KBSK Brugge"]
[BlackTeam "Liege Crelel"]
[WhiteTeamCountry "BEL"]
[BlackTeamCountry "BEL"]

1. d4 Nf6 2. Bf4 g6 3. e3 Bg7 4. Nf3 d6 5. Be2 c5 6. 0-0 cxd4 7. exd4 0-0 8. h3 Nc6 9. c3 a5 10. a4 h6 11. Na3 g5 12. Bh2 Bf5 13. Re1 Re8 14. Qb3 Rb8 15. Bc4 Bg6 16. Rad1 Nd7 17. Nb5 Qb6 18. Rd2 Bf6 19. Rde2 Rec8 20. Nd2 Bg7 21. Rxe7 Nxe7 22. Rxe7 Rxc4 23. Nxc4 Qd8 24. Bxd6 Bf8 25. Re1 Bxd6 26. Ncxd6 Nf6 27. Qc4 b6 28. Qc7 Qf8 29. Re5 Rd8 30. Qe7 Qxe7 31. Rxe7 Nd5 32. Re5 Nf4 33. Re8+ Rxe8 34. Nxe8 Bc2 35. Nbd6 Bxa4 36. Nc7 Nd3 37. Nc4 Bb3 38. Nxb6 Kf8 39. Nd7+ Ke7 40. Nc5 Nxc5 41. dxc5 Bc4 42. Na8 Bb5 43. Nb6 Kd8 44. c4 Ba6 45. b3 Kc7 46. Kf1 Kc6 47. Na4 h5 48. Ke2 Bc8 49. Kd3 Bf5+ 50. Kc3 h4 51. Kd4 Bc2 52. Kc3 Bf5 53. f3 f6 54. Nb6 Bh7 55. Nd5 f5 56. Kd4 f4 57. b4 axb4 58. Nxb4+ Kd7 59. Ke5 Ke7 60. c6 Bb1 61. c5 Bh7 62. Nd5+ Kd8 63. Kd6 1-0

[Event "BEL-chT 1718"]
[Site "Belgium"]
[Date "2017.09.24"]
[Round "1.7"]
[White "Stillger, Bernhard"]
[Black "Pirard, Gregory"]
[Result "1-0"]
[WhiteElo "2322"]
[BlackElo "2056"]
[PlyCount "171"]
[EventDate "2017.09.24"]
[EventType "team-tourn"]
[EventRounds "11"]
[EventCountry "BEL"]
[SourceTitle "EXT 2018"]
[Source "ChessBase"]
[SourceDate "2017.10.13"]
[SourceVersion "1"]
[SourceVersionDate "2017.10.13"]
[SourceQuality "1"]
[WhiteTeam "Eynatten"]
[BlackTeam "Liege Crelel"]
[WhiteTeamCountry "BEL"]
[BlackTeamCountry "BEL"]

1. Nf3 Nf6 2. g3 d5 3. Bg2 c6 4. c4 dxc4 5. 0-0 Bf5 6. Na3 g6 7. Nxc4 Bg7 8. d3 0-0 9. Bd2 Na6 10. Rc1 Ne8 11. Qb3 Rb8 12. Bc3 Nd6 13. Bxg7 Kxg7 14. Nd4 Bd7 15. Ne5 Be8 16. Qc3 Kg8 17. b4 Qb6 18. a3 Nb5 19. Nxb5 cxb5 20. d4 f6 21. Ng4 Bd7 22. Ne3 Rfc8 23. Qb3+ Kg7 24. Qd5 Be6 25. Qe4 Rd8 26. d5 Bf7 27. Qxe7 Re8 28. Qd7 f5 29. d6 Red8 30. Qe7 Qxd6 31. Qxd6 Rxd6 32. Rfd1 Rxd1+ 33. Rxd1 Be6 34. Rd6 Nc7 35. Nd5 Nxd5 36. Bxd5 Bxd5 37. Rxd5 a6 38. Rd7+ Kh6 39. h4 Rc8 40. Rd3 b6 41. Kg2 a5 42. Rd5 Rc3 43. Rxb5 Rxa3 44. Rxb6 axb4 45. Rxb4 Ra2 46. Kf3 Ra3+ 47. e3 Ra2 48. Rb7 Rc2 49. Rd7 Rb2 50. Ra7 Rc2 51. Ra4 Kh5 52. Kg2 Re2 53. Rf4 Rc2 54. Kf1 Ra2 55. Rd4 Rb2 56. Kg2 Rc2 57. Rd5 Rc4 58. Rd2 Rc3 59. Kf3 Rb3 60. Rd5 Rb4 61. Re5 Kh6 62. Re7 Rb2 63. Kg2 Rc2 64. Rf7 Rb2 65. g4 fxg4 66. Kg3 Rb4 67. Rf4 Rb5 68. Kxg4 Kg7 69. Ra4 h5+ 70. Kf4 Rf5+ 71. Kg3 Rc5 72. f3 Kf7 73. Ra7+ Kf6 74. Ra6+ Kf7 75. e4 Rb5 76. Ra7+ Kf6 77. Kf4 Rc5 78. Ra6+ Kf7 79. Rd6 Rb5 80. Rd4 Kf6 81. Rd5 Rb3 82. e5+ Kf7 83. Rd7+ Ke6 84. Rd6+ Kf7 85. Kg5 Rxf3 86. Rf6+ 1-0

[Event "Luxembourg-chT 1415"]
[Site "Luxembourg"]
[Date "2015.03.29"]
[Round "10"]
[White "Pirard, Gregory"]
[Black "Philippe, Christophe"]
[Result "0-1"]
[WhiteElo "2008"]
[BlackElo "2418"]
[PlyCount "66"]
[EventDate "2014.10.05"]
[EventType "team-tourn"]
[EventRounds "10"]
[EventCountry "LUX"]
[SourceTitle "EXT 2017"]
[Source "ChessBase"]
[SourceDate "2016.10.25"]
[SourceVersion "1"]
[SourceVersionDate "2016.10.25"]
[SourceQuality "1"]

1. d4 f5 2. g3 Nf6 3. Bg2 g6 4. Nf3 Bg7 5. 0-0 0-0 6. Bf4 d6 7. Qc1 Nc6 8. Rd1 Qe8 9. d5 Nd8 10. c4 Bd7 11. Nc3 c6 12. h3 Nf7 13. a4 h6 14. h4 Rc8 15. Qe3 c5 16. Qc1 Ng4 17. b3 Nfe5 18. Ra2 Qf7 19. Ne1 g5 20. hxg5 hxg5 21. Bxg5 Qh5 22. Nf3 f4 23. gxf4 Nxf3+ 24. exf3 Qh2+ 25. Kf1 Nh6 26. Bxh6 Bxh6 27. Ke2 Bxf4 28. Qb1 Bf5 29. Ne4 Bxe4 30. Qxe4 Qxg2 31. Qe6+ Kg7 32. Raa1 Bh2 33. f4 Rxf4 0-1

[Event "BEL-chT 1415"]
[Site "Belgium"]
[Date "2015.01.11"]
[Round "6.7"]
[White "Pirard, Gregory"]
[Black "Hautot, Stephane"]
[Result "1/2-1/2"]
[WhiteElo "1991"]
[BlackElo "2374"]
[PlyCount "80"]
[EventDate "2014.09.28"]
[EventType "team-swiss"]
[EventRounds "11"]
[EventCountry "BEL"]
[SourceTitle "EXT 2016"]
[Source "ChessBase"]
[SourceDate "2015.10.08"]
[SourceVersion "1"]
[SourceVersionDate "2015.10.08"]
[SourceQuality "1"]
[WhiteTeam "Liege Crelel"]
[BlackTeam "Wirtzfeld"]
[WhiteTeamCountry "BEL"]
[BlackTeamCountry "BEL"]

1. d4 Nf6 2. Nf3 e6 3. Bf4 Be7 4. e3 0-0 5. Bd3 c5 6. c3 Nc6 7. h3 b6 8. 0-0 Bb7 9. Nbd2 d5 10. Qe2 Bd6 11. Bxd6 Qxd6 12. dxc5 Qxc5 13. Ba6 Bxa6 14. Qxa6 e5 15. Rfd1 e4 16. Ne1 Ne5 17. Nb3 Qe7 18. Nd4 Rfd8 19. a4 Nfd7 20. Qb7 Qg5 21. b4 Nf8 22. a5 Qf6 23. axb6 Qxb6 24. Qxb6 axb6 25. Nb5 Rxa1 26. Rxa1 Ne6 27. f4 exf3 28. gxf3 Nc4 29. Kf2 f5 30. Nd3 Kf7 31. Ra7+ Kf6 32. h4 h6 33. f4 g5 34. h5 Ng7 35. fxg5+ hxg5 36. h6 Ne6 37. Nd4 Rh8 38. Nxe6 Kxe6 39. h7 Kf6 40. b5 Kg6 1/2-1/2

[Event "BEL-chT 1314"]
[Site "Belgium"]
[Date "2013.12.15"]
[Round "6.6"]
[White "Pirard, Gregory"]
[Black "Tuncer, Ufuk"]
[Result "0-1"]
[WhiteElo "1963"]
[BlackElo "2317"]
[PlyCount "122"]
[EventDate "2013.09.22"]
[EventType "team-tourn"]
[EventRounds "11"]
[EventCountry "BEL"]
[SourceTitle "EXT 2015"]
[Source "ChessBase"]
[SourceDate "2014.11.20"]
[SourceVersion "1"]
[SourceVersionDate "2014.11.20"]
[SourceQuality "1"]
[WhiteTeam "Liege Crelel"]
[BlackTeam "Wirtzfeld"]
[WhiteTeamCountry "BEL"]
[BlackTeamCountry "BEL"]

1. e4 c5 2. Nf3 d6 3. d4 cxd4 4. Nxd4 Nf6 5. Nc3 a6 6. Be2 g6 7. 0-0 Bg7 8. a4 0-0 9. Be3 Nc6 10. Nxc6 bxc6 11. f4 Rb8 12. Rb1 Qa5 13. Kh1 Rd8 14. Bd2 Qc7 15. a5 d5 16. e5 d4 17. Na4 Ne4 18. Nb6 c5 19. Bc4 Bb7 20. Be1 e6 21. Qe2 Qc6 22. Bh4 Re8 23. Bb3 Qb5 24. Qe1 d3 25. cxd3 Qxd3 26. Ba4 Nd2 27. Bxe8 Nxb1 28. Ba4 Nd2 29. Rf2 Nc4 30. Nd7 Rc8 31. Be7 Qd4 32. b3 Ne3 33. Nb6 Ng4 34. Kg1 Bh6 35. h3 Nxf2 36. Qxf2 Bxf4 37. Qxd4 cxd4 38. Nxc8 Bxc8 39. Bf6 Bd2 40. Bd8 Bb7 41. Bb6 d3 42. Bc5 Bxa5 43. b4 Bc7 44. Bd6 Bb6+ 45. Bc5 Bxc5+ 46. bxc5 d2 47. Kf2 Kf8 48. Ke2 Bxg2 49. c6 Ke7 50. c7 d1Q+ 51. Kxd1 Bb7 52. Kd2 Bc8 53. Ke3 f6 54. Kd4 g5 55. Kc5 fxe5 56. Bc6 e4 57. Bxe4 e5 58. Bxh7 Bxh3 59. Kd5 Kd7 60. c8Q+ Kxc8 61. Kxe5 Bd7 0-1

[Event "Liege Soultanbeieff op"]
[Site "Liege"]
[Date "2012.04.13"]
[Round "9"]
[White "De Gueldre, Philippe"]
[Black "Pirard, Gregory"]
[Result "0-1"]
[WhiteElo "2127"]
[BlackElo "1880"]
[PlyCount "120"]
[EventDate "2012.01.27"]
[EventType "swiss"]
[EventRounds "9"]
[EventCountry "BEL"]
[SourceTitle "EXT 2013"]
[Source "ChessBase"]
[SourceDate "2012.11.22"]
[SourceVersion "1"]
[SourceVersionDate "2012.11.22"]
[SourceQuality "1"]

1. d4 Nf6 2. c4 g6 3. Nc3 Bg7 4. e4 d6 5. Nf3 0-0 6. Be2 Nbd7 7. 0-0 e5 8. Re1 c6 9. Be3 Ng4 10. Bg5 Bf6 11. Bxf6 Qxf6 12. d5 c5 13. Qd2 Kg7 14. Rf1 Nh6 15. Ng5 Qe7 16. Nb5 Ng8 17. f4 exf4 18. Qxf4 Ne5 19. Nf3 Nxf3+ 20. Rxf3 Rd8 21. Bd3 a6 22. Nc3 f6 23. Raf1 Rf8 24. Qg3 Bd7 25. a4 b6 26. Rf4 Qe5 27. Qf2 g5 28. Rf3 Ne7 29. Bc2 Ng6 30. b3 h5 31. Ne2 h4 32. Nc1 g4 33. Re3 Qg5 34. Nd3 f5 35. exf5 Bxf5 36. Nf4 Nxf4 37. Qxf4 Qxf4 38. Rxf4 Bxc2 39. Rxg4+ Bg6 40. Rxh4 Rae8 41. Rhh3 Rxe3 42. Rxe3 Re8 43. Rc3 Re2 44. Kf1 Rb2 45. Rg3 Kf6 46. Re3 Bf5 47. h4 Bg4 48. Kg1 Re2 49. Rg3 Kf5 50. Kf1 Rb2 51. Re3 Kf4 52. Re1 Kg3 53. Re3+ Kxh4 54. Re6 Kg3 55. Re3+ Kf4 56. Re8 Rxb3 57. Rb8 Rb2 58. a5 b5 59. Rb6 Kg3 60. Ke1 Re2+ 0-1

[Event "Liege Soultanbeieff op"]
[Site "Liege"]
[Date "2012.03.02"]
[Round "5"]
[White "Barbier, Frederic"]
[Black "Pirard, Gregory"]
[Result "0-1"]
[WhiteElo "1974"]
[BlackElo "1880"]
[PlyCount "56"]
[EventDate "2012.01.27"]
[EventType "swiss"]
[EventRounds "9"]
[EventCountry "BEL"]
[SourceTitle "EXT 2013"]
[Source "ChessBase"]
[SourceDate "2012.11.22"]
[SourceVersion "1"]
[SourceVersionDate "2012.11.22"]
[SourceQuality "1"]

1. c4 c5 2. Nf3 Nf6 3. Nc3 d5 4. cxd5 Nxd5 5. a3 Nc6 6. e4 Nc7 7. Bc4 e6 8. d3 Be7 9. Bf4 0-0 10. 0-0 Kh8 11. Qd2 f6 12. e5 f5 13. Rad1 Nd4 14. Be3 Nxf3+ 15. gxf3 g5 16. f4 gxf4 17. Bxf4 Rg8+ 18. Bg3 Qf8 19. Ne2 b5 20. Qa5 Bd8 21. Bxb5 Bb7 22. Qa4 Bf3 23. Nf4 Nxb5 24. Qxb5 Qh6 25. Qc4 Bg5 26. Qxe6 Bxf4 27. Qxf5 Raf8 28. Qd7 Rxg3+ 0-1